Online
Catalog

Aporte al valor agregado de la población de origen extranjero en la República Dominicana / (Record no. 59714)

MARC details
000 -CABECERA
campo de control de longitud fija 01996nam a2200301 i 4500
003 - IDENTIFICADOR DEL NÚMERO DE CONTROL
campo de control DO-SdBNP
005 - FECHA Y HORA DE LA ÚLTIMA TRANSACCIÓN
campo de control 20250801141728.0
007 - CAMPO FIJO DE DESCRIPCIÓN FÍSICA--INFORMACIÓN GENERAL
campo de control de longitud fija ta
008 - DATOS DE LONGITUD FIJA--INFORMACIÓN GENERAL
campo de control de longitud fija 250801b2018 dr d ||| |||| 00| 0 spa d
020 ## - NÚMERO INTERNACIONAL ESTÁNDAR DEL LIBRO
Número Internacional Estándar del Libro 9789945015270
040 ## - FUENTE DE LA CATALOGACIÓN
Centro catalogador/agencia de origen DO-SdBNP
Lengua de catalogación spa
Centro/agencia transcriptor BNPHU
Normas de descripción rda
082 ## - NÚMERO DE LA CLASIFICACIÓN DECIMAL DEWEY
Número de clasificación xxx
Número de documento/Ítem E56
Número de edición 22
111 1# - ENTRADA PRINCIPAL--NOMBRE DE CONGRESO/REUNIÓN
Nombre de congreso/reunión o jurisdicción como elemento de entrada Encuesta Nacional de Inmigrantes-ENI
Número del congreso/reunión o número de parte o sección (2º :
Fecha del congreso/reunión 2017 :
Sede del congreso/Lugar de la reunión Santo Domingo, República Dominicana)
9 (RLIN) 88461
245 10 - MENCIÓN DE TÍTULO
Título Aporte al valor agregado de la población de origen extranjero en la República Dominicana /
Mención de responsabilidad, etc. investigadores: Antonio Ciriaco Cruz, Luis H. Vargas ; correctora: Rosario Flores
264 ## - PRODUCCIÓN, PUBLICACIÓN, DISTRIBUCIÓN, FABRICACIÓN Y COPYRIGHT
Producción, publicación, distribución, fabricación y copyright Santo Domingo :
Nombre del de productor, editor, distribuidor, fabricante Fondo de Población de las Naciones Unidas (UNFPA),
Fecha de producción, publicación, distribución, fabricación o copyright 2018.
300 ## - DESCRIPCIÓN FÍSICA
Extensión 52 páginas ;
Otras características físicas graficas ;
Dimensiones 28 cm.
336 ## - TIPO DE CONTENIDO
Término de tipo de contenido texto
Código de tipo de contenido txt
Fuente rdacontent
337 ## - TIPO DE MEDIO
Nombre/término del tipo de medio sin mediación
Código del tipo de medio n
Fuente rdamedia
338 ## - TIPO DE SOPORTE
Nombre/término del tipo de soporte volumen
Código del tipo de soporte nc
Fuente rdacarrier
520 ## - SUMARIO, ETC.
Sumario, etc. En la actualidad la sociedad se enfrenta a fenómenos colectivos jamás esperados, algunos de ellos parecen no tener explicación alguna, sin embargo los estudiosos del comportamiento social se encuentran ante la expectativa de saber qué viene después.El abismo entre lo exótico y lo ordinario se ha terminado. Los conflictos sociales: luchas étnicas, terrorismo, suicidios masivos, violencia intra doméstica están a la orden del día. El único beneficio de esta era digital es que estamos informados de cualquier asunto en cuestión de segundos. Por lo que la urgencia de entender estos fenómenos requiere una mayor inteligencia y nuevos modelos de explicación.
590 ## - NOTA LOCAL (RLIN)
Nota local Inventariado, 2025/ YL
700 1# - PUNTO DE ACCESO ADICIONAL--NOMBRE DE PERSONA
Nombre de persona Ciriaco Cruz, Antonio
Término indicativo de función/relación investigador
Código de función/relación inv.
9 (RLIN) 78119
700 1# - PUNTO DE ACCESO ADICIONAL--NOMBRE DE PERSONA
Nombre de persona Vargas, Luis H. T
Término indicativo de función/relación investigador
Código de función/relación inv.
9 (RLIN) 88462
700 1# - PUNTO DE ACCESO ADICIONAL--NOMBRE DE PERSONA
Nombre de persona Flores, Rosario
Término indicativo de función/relación correctora
Código de función/relación co.
9 (RLIN) 88463
856 ## - LOCALIZACIÓN Y ACCESO ELECTRÓNICOS
Texto de enlace https://dominicanrepublic.unfpa.org/sites/default/files/pub-pdf/Aporte%20valor%20agregado%20de%20Poblacion%20Extranjera_Web%20-%20Estudio%20Complementario%20ENI-2017.pdf
910 ## - DATOS DE OPCIÓN DEL USUARIO (OCLC)
Datos de opción del usuario YLockward
942 ## - ELEMENTOS DE PUNTO DE ACCESO ADICIONAL (KOHA)
Fuente del sistema de clasificación o colocación Dewey Decimal Classification
Tipo de ítem Koha Libro
Holdings
Estado de retiro Estado de pérdida Fuente del sistema de clasificación o colocación Restricciones de uso No para préstamo Código de colección Localización permanente Ubicación/localización actual Ubicación en estantería Fecha de adquisición Fuente de adquisición Total de préstamos Signatura topográfica completa Código de barras Fecha visto por última vez Precio válido a partir de Tipo de ítem Koha
    Dewey Decimal Classification Excluido de préstamo   Patrimonio Dominicano Biblioteca Nacional Pedro Henríquez Ureña Biblioteca Nacional Pedro Henríquez Ureña En catalogación 18.07.2024 Donado por Claro Dominicana   BNPHU PD xxx E56 2025-7690 01.08.2025 01.08.2025 Libro

Powered by Koha